000 00676nam a2200241Ia 4500
003 OSt
005 20220918221644.0
006 a|||||r|||| 00| 0
007 ta
008 220917b |||||||| |||| 00| 0 eng d
024 _a202,402
037 _cTextual
040 _aARTS
_cARTS
_beng
041 _2eng
_aeng
082 _aQ4:5, L2;N2
100 _aChang Garma C.C.
245 0 _aBuddhist teaching of totality
_b The philosophy of Hwa Yen buddhism
260 _aDelhi
_bMotilal banarsidass
_c1992
300 _axxv, 270 p
_ccm.
650 _aBUDDHISM; RELIGION
942 _hQ4:5, L2;N2
_cTEXL
_2CC
999 _c273288
_d273288